• 首页
  • 本馆介绍
  • 公告通知
  • 最新文献
  • 馆藏检索
  • 电子资源
  • 读者导购
  • 参考咨询
  • 我的图书馆
  • 登录
  • 详细信息显示
  • 放入我的书架
  • 预约/预借图书
  • 作者相关作品
  • 分类相关作品
  • 丛书相关作品
  • 出版社相关作品

书目信息

  • 表格格式
  • 工作单格式
  • 卡片格式
题名:
汉字dBASE-Ⅲ简明教程
    
 
作者: 许寿椿 编著
分册:  
出版信息: 北京   中央民族学院出版社  1988.06
页数: 192页
开本: 26cm
丛书名:
单 册:
中图分类: TP315
科图分类:
主题词: 软件
电子资源:
ISBN: 7-81001-028-X
000 00593nam0 2200193 450
001 0836614519
005 20080917101504.21
010    @a7-81001-028-X@dCNY4.20
100    @a20080917d1988 km y0chiy0120 ea
101 0  @achi
102    @aCN@b110000
200 1  @a汉字dBASE-Ⅲ简明教程@Ahan zi dBASE-Ⅲjian ming jiao cheng@f许寿椿等编著@Fxu shou chun deng bian zhu
210    @a北京@c中央民族学院出版社@d1988.06
215    @a192页@d26cm
606 0  @a软件
690    @aTP315@v4
701  0 @a许寿椿@Axu shou chun@4编著
801  0 @aCN@b大连网信软件有限公司图书馆·11@c20080917
905    @aBZT@dTP315@e12
    
    汉字dBASE-Ⅲ简明教程/许寿椿等编著.-北京:中央民族学院出版社,1988.06
    192页;26cm
    
    
    ISBN 7-81001-028-X:CNY4.20
    
●
相关链接 在五车中查询图书 在当当中查询图书 在豆瓣中查询图书


正题名:汉字dBASE-Ⅲ简明教程     索取号:TP315/12         预约/预借

序号 登录号 条形码 馆藏地/架位号 状态 备注
1 006692   201276378   中心书库中库/ 中库027架B面6列3层53/ [索取号:TP315/12] 在馆    
山东省滨州职业学院图书馆 欢迎您!
大连网信软件有限公司© 版权所有